[Event "Bazna Kings 4th"]
[Site "Medias"]
[Date "2010.06.22"]
[Round "8"]
[White "Gelfand, Boris"]
[Black "Carlsen, Magnus"]
[Result "1/2-1/2"]
[WhiteElo "2741"]
[BlackElo "2813"]
[Annotator "Rogozenco,D"]
[PlyCount "65"]
[EventDate "2010.06.14"]
[EventType "tourn"]
[EventRounds "10"]
[EventCountry "ROU"]
[EventCategory "20"]
[SourceTitle "CBM 137"]
[Source "ChessBase"]
[SourceDate "2010.07.15"]
[SourceVersion "1"]
[SourceVersionDate "2010.07.15"]
[SourceQuality "1"]

1. d4 d5 2. c4 e6 3. Nc3 Be7 {Magnus shows a mature approach: considering the
tournament situation, the Norwegian chooses the solid Queen's Gambit Accepted.}
4. Bf4 Nf6 5. e3 O-O 6. Nf3 Nbd7 {One of the main moves. Nevertheless the main
theoretical direction is 6...c5.} 7. c5 c6 8. Bd3 b6 9. b4 a5 10. b5 Bb7 ({
After} 10... cxb5 11. c6 {White gets a strong passed pawn. In this concrete
situation Black can use the fact that the white king is on e1 and continue} Bb4
12. Rc1 Ne4 {but still the strong c-pawn should secure White better chances
after} 13. Bxe4 dxe4 14. Nd2) 11. cxb6 Qxb6 12. O-O Rfc8 13. bxc6 Bxc6 14. Rb1
Qd8 15. Qe2 Ne4 16. Rfc1 {It seems that the game will reach a draw without any
complications.} Ndf6 {This move invites Gelfand to start a forced play.} (16...
Bb4 {was objectively better, with equality.}) 17. Ba6 Ba3 (17... Bb7 18. Bxb7
Nxc3 19. Qc2 {favours White.}) ({A possible alternative to the game was} 17...
Nxc3 18. Rxc3 Bb7 19. Rxc8 Bxc8 20. Bd3 Bd7 {and Black is only slightly worse.}
) 18. Rc2 Rxa6 19. Qxa6 Ba4 20. Nxa4 Rxc2 {After a more or less forced
sequence of moves we reach the critical position where in spite of multiple
attractive possibilities, there is no clear way for White to achieve advantage.
} 21. h3 ({The alternatives were:} 21. Qd3 Rc1+ 22. Rxc1 Bxc1 {with a small
plus for White}) ({Or} 21. Ne1 Rc8 22. Nb6 Rc3 23. Qxa5 Bf8 {and Black has
compensation due to the lack of coordination between white pieces.}) 21... Bf8
22. Nc5 h6 (22... Rxf2 {loses due to} 23. Nxe6 fxe6 24. Qxe6+ Kh8 25. Rb8) 23.
Qa7 (23. a4 Qe7 24. Qxa5 Nxc5 25. dxc5 Qxc5 26. Qxc5 Bxc5 {is also not
problematic for Black.}) 23... Bxc5 $1 ({Both players came to the conclusion
that after} 23... Nxc5 24. Rb8 Qd7 25. Qa8 Qe7 ({Not} 25... Nce4 $2 26. Rxf8+
Kh7 27. Ne5) 26. dxc5 Qxc5 27. Ne5 {White's initiative is worth more than a
pawn.}) 24. dxc5 Rxc5 25. Rb8 Rc8 26. Bc7 ({Here White had a nice way to make
a draw, which was objectively the best continuation:} 26. Ne5 Rxb8 27. Qxf7+
Kh8 ({or} 27... Kh7 28. Qg6+) 28. Ng6+ Kh7 29. Bxb8 Qxb8 30. Nf8+ Kh8 31. Ng6+
Kh7 $11) 26... Qe8 27. Rxc8 Qxc8 28. Bxa5 (28. Qxa5 Ne8 {is also slightly
better for Black}) 28... Qc1+ 29. Be1 Nd2 $1 ({Gelfand considered only} 29...
Ng5 {which is equal after} 30. Qb8+ Kh7 31. Nxg5+ hxg5 32. Qb4) 30. Nxd2 Qxe1+
31. Nf1 Ne4 32. Qb8+ Kh7 33. Qb2 ({In fact Carlsen could have continued the
game with} 33. Qb2 Qd1 {and White still must play accurately before reaching
the draw. But Carlsen didn't think that Black has any advantage and therefore
after a relatively long thought he accepted the draw offer.}) 1/2-1/2

[Event "Candidates Tournament"]
[Site "Moscow"]
[Date "2016.03.11"]
[Round "1"]
[White "Giri, Anish"]
[Black "Aronian, Levon"]
[Result "1/2-1/2"]
[WhiteElo "2793"]
[BlackElo "2786"]
[Annotator "Sagar Shah"]
[PlyCount "130"]
[EventDate "2016.03.11"]
[EventType "tourn"]
[EventRounds "14"]
[EventCountry "RUS"]
[EventCategory "22"]
[SourceTitle "CBM 172"]
[Source "ChessBase"]
[SourceDate "2016.05.12"]
[SourceVersion "1"]
[SourceVersionDate "2016.05.12"]
[SourceQuality "1"]

{In this game I will avoid commenting too much about the opening as it is all
well known and many games have been played in this line. But the middlegame
and the late endgame are particularly interesting.} 1. d4 Nf6 2. c4 e6 3. Nf3
d5 4. Nc3 Be7 5. Bf4 O-O 6. e3 Nbd7 7. c5 c6 8. h3 (8. Bd3 {is the other main
move in this position.}) 8... b6 9. b4 a5 10. a3 h6 {Just to give you an
example of what quick learners these top players are: in Zurich Chess
Challenge just a month before this game, Nakamura played this move against
Aronian. Now Aronian tries the same idea with the black pieces.} 11. Bd3 Ba6
12. O-O Qc8 13. Rb1 axb4 14. axb4 Bxd3 15. Qxd3 Qb7 {This position had been
reached, just 15 days previously in the game of Sargissian with the black
pieces against Ding Liren. Sargissian is one of Levon's seconds and there is a
high possibility that Aronian and Sarigissian worked on this line together.}
16. Rfc1 Rfc8 17. Ne1 $146 {Giri's novelty, not an earth shattering one but
just improving his f3-knight.} (17. Nd2 {Aronian with the white pieces tried
to put his knight on b3 and it wasn't too successful. Giri aims for the
d3-square.}) 17... Bd8 18. Qd1 Bc7 {Black tries to exchange a few pieces,
which is the right thing to do when you are short of space.} 19. Nd3 Bxf4 20.
exf4 Ne4 21. Ne2 (21. Nxe4 dxe4 22. Ne5 b5 $1 {with Nf6-d5 coming up, Black
shouldn't have any problems.}) 21... Ra2 22. Rc2 {As Anish mentioned after the
game, Black is comfortable here. He should only be careful not to allow b4-b5.
Aronian misses this threat and ends up with a very difficult position.} Rca8 $6
(22... Rxc2 23. Qxc2 Nef6 (23... Ra8 $6 24. b5 $1) (23... b5 24. Ra1 Ra8 25.
Ra5 Rxa5 26. bxa5 b4 27. Qa4 b3 28. a6 b2 29. axb7 b1=Q+ 30. Kh2 Qxb7 {is just
an illustrative variation of how complicated things can get.}) 24. Ra1 Ra8 25.
Rxa8+ Qxa8 {also seems pretty fine until you notice the queenside breakthrough!
} 26. b5 $1 cxb5 27. c6 Nf8 28. c7 Qc8 29. Nb4 Ne8 30. Na6 Ng6 31. Qc6 {
White is dominating and Black will have to be extremely accurate if he wants
to hold this position.}) (22... Ra4 {it seems better if you keep the rooks on
the board.} 23. Rcb2 b5 {Followed by Rca8 and Black should be completely fine.}
) 23. f3 Rxc2 (23... Nef6 {is also met with} 24. b5 $1 bxc5 25. dxc5 cxb5 26.
Nd4 $1 {White has quite some pressure.} (26. c6 Qb6+ $13)) 24. Qxc2 Nef6 25. b5
$1 {Aronian is now under a lot of pressure.} Rc8 (25... bxc5 26. dxc5 cxb5 27.
Nd4 $36 (27. c6 Qb6+ $11)) 26. Qa4 $1 {An extremely strong move by Anish who
threatens to play his queen to a6 here. This idea was missed by Levon. Anish
mentions that he found this idea after much deliberation and his thoughts were
mainly concerned with breaking on the kingside with f5. But when that didn't
work he turned his attention on the other wing and found this idea.} Qc7 (26...
bxc5 27. dxc5 cxb5 28. Rxb5 Qc7 29. Nd4 $16) (26... cxb5 27. Qxb5 $16 {it is
not at all easy for Black to untangle.}) 27. bxc6 Qxc6 28. Qxc6 Rxc6 29. Rc1 {
While this move isn't bad, White had a way to increase the pressure with Nb4.}
(29. Nb4 $1 Rc7 30. c6 Nb8 31. Nc3 $1 {The absolute star move and hats off to
Aronian for having seen this for his opponent. It just shows how good these
guys are, always looking out for opponent's threats.} (31. Ra1 Nxc6 32. Rc1
Nxd4 33. Rxc7 Nxe2+ 34. Kf2 Nxf4 $11) (31. Rc1 Ne8 32. Nc3 Nd6 {Stopping Nb5.}
33. Ncxd5 exd5 34. Nxd5 Na6 $1 35. Nxc7 (35. Ra1 Ra7 36. Nb4 Nxb4 37. Rxa7 Nxc6
$11) 35... Nxc7 36. Ra1 Kf8 37. Ra7 Nde8 $1 38. d5 Ke7 $17) 31... Nxc6 32. Nb5
Rc8 33. Nd6 Rd8 (33... Rc7 34. Rc1 $18) 34. Nxf7 $1 Kxf7 35. Nxc6 $16 {The
knight comes to e5. The position might not be 100% lost, but it is really
unpleasant to be Black here.}) 29... Rc7 (29... Rc8 30. c6 Nb8 31. Nb4 Ne8 32.
f5 $1 {Once again Aronian suggested this move. One gets the feeling that the
Armenian wanted to get up from the board and switch sides! He was seeing some
really excellent winning resources for his opponent.} Nd6 33. fxe6 fxe6 34. Nf4
$16 Kf7 $2 35. c7 $1 Nd7 36. Rc6 $18) 30. Nc3 bxc5 31. dxc5 Ne8 (31... Nxc5 32.
Nb5 {Anish thought that he was winning at this point, but the computer shows
an excellent defensive resource for Black.} Nfd7 $3 {Even 2800 players can
miss such moves!} (32... Nxd3 33. Rxc7 Nxf4 34. Nd6 d4 35. Rc8+ Kh7 36. Nxf7 d3
37. Rh8+ Kg6 38. Ne5+ Kf5 39. Nc4 $18 {The pawn is caught.}) 33. Nxc7 Nxd3 $11
{The f4-pawn is lost and the rook cannot enter with the same force as it did
in the previous variation.}) 32. Nb5 Rc8 33. Kf2 $1 {Giri brings his last
resource into the game.} Nc7 34. Nxc7 (34. Nd6 Rd8 {threatening ...Nxc5 if the
rook moves from c1.}) 34... Rxc7 35. Ke3 {White is better here, but Black can
cling on by quickly bringing his king to the centre.} Kf8 36. Kd4 {Optically
White's position looks completely dominating but Levon's next move is pretty
strong.} (36. f5 $5 Ke7 (36... e5 $2 37. f4 $1 e4 38. Ne5 $1 Nxc5 39. Rxc5 Rxc5
40. Nd7+ $18) 37. fxe6 fxe6 38. Kd4 Nb8 39. Ne5 Nd7 40. c6 Nxe5 41. Kxe5 d4 $1
42. Kxd4 Kd6 $11) 36... Nb8 $1 {A nice move! Knights are always the best
blockaders of passed pawns. Suddenly it is not easy to make progress.} 37. Nb4
Rb7 (37... Nc6+ 38. Nxc6 Rxc6 39. f5 $16) 38. Kc3 Ke7 39. Ra1 Kd7 40. Nd3 f6 {
Aronian offered a draw at this point, but Giri saw that he will always have
some chances with the f5-break or the kingside pawn storm and hence decided to
continue the battle.} 41. Ra8 Kc6 42. h4 Kb5 43. Ra1 Nc6 44. Rb1+ Ka6 45. Re1
Re7 46. Ra1+ Kb7 47. Nb4 {The knight exchange would give White some chances in
the rook endgame because his king is active and he has a passed pawn on c5.} g5
$5 {Aronian defends actively in this position.} (47... Nxb4 $6 48. Kxb4 e5 {
Trying to create counterplay.} 49. fxe5 Rxe5 50. Kb5 d4 51. Rd1 Rd5 52. Rb1 Kc7
53. Kc4 Rh5 54. Ra1 {White has some chances in this position but with accurate
defence it should end in a draw.}) 48. fxg5 fxg5 49. h5 Rf7 {Trying to fix the
h6-weakness.} ({A very interesting variation showed by both the players was} 
49... Re8 50. Ra6 Nxb4 51. Rb6+ Kc7 52. Kxb4 Rb8 53. Kb5 {Both the players
thought this was lost for Black, but as always the computer begs to differ!}
Kc8 $1 {A passive, backward retreat and a difficult move for humans to see.} (
53... e5 {Aronian and Giri showed this line and this is really nice.} 54. Rxb8
Kxb8 55. Kc6 $1 d4 56. Kd7 d3 57. c6 d2 58. c7+ Ka7 59. c8=Q d1=Q+ 60. Ke7 {
and this endgame is completely winning for White}) 54. Rxb8+ (54. Kc6 $2 Rxb6+
55. cxb6 d4 $19) 54... Kxb8 55. Kc6 Kc8 $11 {and miraculously Black holds the
draw.}) 50. Ra6 (50. Nxc6 Kxc6 51. Ra6+ (51. Kd4 Rf4+ 52. Ke5 Kxc5 53. Kxe6 d4
$17 {starts to become risky for White.}) 51... Kxc5 52. Rxe6 g4 $1 {A key
point that had to be seen beforehand.} 53. fxg4 Rf2 $11) 50... Nxb4 51. Rb6+
Kc8 (51... Kc7 $2 {is losing. The point is that Black doesn't have ...Rb7 now.}
52. Kxb4 $1 g4 53. fxg4 Rf4+ 54. Kb5 Rxg4 55. Rxe6 Rxg2 56. Re7+ Kd8 57. Rh7
$18 {[%cal Gh7h6,Gc5c6]}) 52. Rxb4 (52. Kxb4 Rb7 $1 {This pawn ending is drawn.
} 53. Kb5 Rxb6+ 54. cxb6 d4 55. Kc4 e5 56. g3 Kb7 57. f4 exf4 58. gxf4 gxf4 59.
Kxd4 $11) 52... Rf4 $1 {The king and pawn ending is drawn. But it is not so
trivial. Aronian calculated all the details pretty well.} 53. Rxf4 gxf4 54. Kd4
Kd7 55. Ke5 Kc6 56. Kxf4 Kxc5 57. g4 {Threatening g5.} (57. Ke5 $2 d4 58. Ke4
Kc4 $19) 57... Kd6 $1 {The king rushes back to take measures against the
g5-break. Aronian knows that g6-h5 versus h6 is a theoretical draw. Hence all
he has to do is exchange his e6- and d5-pawns for the guy on f3.} 58. Ke3 (58.
g5 hxg5+ (58... Ke7 {is also a draw.}) 59. Kxg5 Ke7 (59... d4 $2 60. h6 d3 61.
h7 d2 62. h8=Q d1=Q 63. Qd8+ $18) 60. h6 Kf8 61. Kg6 Kg8 $11) 58... e5 $1 (
58... Ke7 $2 59. Kd4 $1 Kf6 60. f4 Kg7 61. Ke5 Kf7 62. f5 exf5 63. gxf5 $1 $18
(63. Kxf5 $2 d4 64. Ke4 Kf6 65. Kxd4 Kg5 $11)) 59. g5 Ke7 $1 60. g6 Kf6 61. Kd3
e4+ $1 {Aronian knows his endgame fortresses!} (61... Kg7 {was the less
dramatic way to draw.}) 62. fxe4 dxe4+ 63. Kxe4 Kg7 64. Kf5 Kg8 65. Kf6 Kf8 {
A superb game with some very nice resources found by both players. An entire
chapter on how to keep pressing your opponent and finding small nuances in
simplified positions can be written on this very game.} 1/2-1/2

[Event "Candidates Tournament"]
[Site "Moscow"]
[Date "2016.03.20"]
[Round "8"]
[White "Topalov, Veselin"]
[Black "Anand, Viswanathan"]
[Result "1/2-1/2"]
[WhiteElo "2780"]
[BlackElo "2762"]
[Annotator "Sagar Shah"]
[PlyCount "101"]
[EventDate "2016.03.11"]
[EventType "tourn"]
[EventRounds "14"]
[EventCountry "RUS"]
[EventCategory "22"]
[SourceTitle "CBM 172"]
[Source "ChessBase"]
[SourceDate "2016.05.12"]
[SourceVersion "1"]
[SourceVersionDate "2016.05.12"]
[SourceQuality "1"]

1. d4 Nf6 2. c4 e6 3. Nf3 d5 4. Nc3 Nbd7 {Such is Anand's faith on his opening,
... he tried it against Aronian, then against Giri and now once again against
Topalov. That's the thing with Anand: once he believes in his opening
preparation he is not afraid of his opponents' novelties.} 5. Qc2 {Topalov
made this move that was played by Giri as well. He got up from his chair and
Anand replied instantly.} Bb4 {A combination of QGD, Ragozin and Nimzo Indian.}
6. cxd5 (6. a3 {was Anish's choice.}) 6... exd5 7. a3 Bxc3+ 8. Qxc3 Ne4 9. Qc2
{Up till here the players have been following the game between Sakaev and
Eljanov from Dagomys 2009. But now Anand deviates.} O-O (9... Ndf6 10. Ne5 Bf5
11. f3 Nd6 12. Qc3 Nd7 13. Bf4 O-O 14. g4 Be6 15. e3 Nxe5 16. Bxe5 h5 17. gxh5
Qh4+ 18. Bg3 Qxh5 $11 {0-1 (50) Sakaev,K (2627)-Eljanov,P (2693) Dagomys 2009})
10. e3 Re8 11. b3 $5 {[%cal Gb2b3] This doesn't seem to be too ambitious.
After that Black can equalise without too many difficulties.} (11. b4 {If you
wanted to develop the bishop on b2 then why not b4? Well, then the b4-pawn
could become a weakness after} a5 12. Bb2 axb4 13. axb4 Rxa1+ 14. Bxa1 Qe7 $15)
11... c6 12. Bd3 Nf8 13. Bb2 Bf5 14. O-O (14. Nd2 Qg5 $15) 14... Qf6 15. Ne5
Nd6 {By exchanging the light-squared bishops, Vishy is mainly aiming for a
position where he would have a knight against the b2-bishop. That would give
Black an excellent position.} 16. Rae1 Bxd3 17. Nxd3 Qg6 18. f3 $5 {The thing
about Topalov is that he always likes to play actively. Here he is looking for
the right moment when he can break in the centre with e4 and at the same time
take that square away from the d6-knight. But Black is just too solid and well
developed.} f6 19. a4 Ne6 20. Qd2 (20. Ba3 Nf5 $11) 20... h5 $5 {In some ways
securing the f5-square for the knight.} 21. Ba3 Nf5 22. Nf4 $6 {This move is
completely illogical. White exchanges the knights and leaves himself with some
weaknesses. Why would White voluntarily want to defend an inferior endgame
when he has an equal position?} Nxf4 23. exf4 {The resulting position looks
mildly in Black's favour. The main reason being that the knight is better than
the bishop and Black's pawn structure is better than White's.} Rxe1 (23... h4
$1 {Securing the f5-knight was also possible.}) 24. Rxe1 Re8 25. Rxe8+ Qxe8 26.
Kf2 {Anand with his micro edge has the right to keep trying.} Nh6 27. Qd3 b6 {
This is a very responsible decision. On one hand Black is weakening the c6
pawn but on the other he is preventing the move a5 followed by Bc5 which would
paralyse his queenside majority. It is always a trade-off and Vishy chose the
move b6. It turns out that the c6-pawn was the reason why he couldn't really
make much progress. What would have happened if Vishy had not played b6 is a
completely different story.} 28. Bb4 Qe6 29. Qc2 Kf7 30. Ba3 Qd7 31. Bb4 Nf5
32. Qd3 g6 33. g3 Ng7 {White doesn't have too many active possibilities. Black
on the other hand can try to use his queenside majority by having the knight
on e6 at some point. Right now it doesn't seem possible because Ne6 is met
with f4-f5, but whether Black can prepare it is the question.} 34. Qe3 Kg8 (
34... h4 35. g4 $11) (34... Qe6 {might have been the best move.} 35. Qxe6+ (35.
Qc3 h4 $17 36. g4 f5 37. g5 Qd7 {and the position has changed in Black's
favour.}) 35... Nxe6 36. Ke3 c5 37. dxc5 bxc5 38. Ba3 f5 $15) (34... Ne6) 35.
Qd3 Kh7 36. Kg2 Qf5 37. Qc3 (37. Qxf5 Nxf5 {would definitely be some progress
for Black.}) 37... Qe6 (37... Qb1 {was possible, but as Vishy said in the
press conference with three moves to go until the time control he didn't want
to let things spiral out of control. In any case it was just a draw.} 38. Qxc6
Qb2+ 39. Kh3 Qxb3 40. Bf8 Qxf3 41. Qxf6 (41. Qc7 $2 Qf1+ 42. Kh4 g5+ $1 43.
fxg5 fxg5+ 44. Kxg5 Qf5+ 45. Kh4 Qg4#) 41... Nf5 42. Qf7+ Kh8 43. Qf6+ $11) 38.
Qd3 a5 39. Bd2 Qf5 40. Qc3 Qe6 41. Qd3 Qf5 42. Qc3 h4 {Vishy shuns the draw
and tries to play for a win.} 43. g4 Qb1 {The queen has made its way into the
enemy camp, but without the knight it cannot do much.} 44. Be3 (44. Qxc6 Qd3
$19 {The bishop on d2 will drop.}) 44... Qd1 45. Bf2 Qe2 46. Qe3 Qxe3 47. Bxe3
Ne6 48. Kh3 g5 49. f5 $1 (49. fxg5 fxg5 {might be a tad better for Black,
although a draw here looks most likely.}) 49... Nf4+ (49... Nc7 {being
over-ambitious might make things completely bad for Black.} 50. f4 $1 $16 {
It's White who has the chances to play for a win now.}) 50. Bxf4 gxf4 51. Kg2 {
There is no way to break through and hence the players agreed to a draw.} (51.
Kxh4 $2 c5 52. dxc5 bxc5 53. Kh3 c4 $19) 1/2-1/2